000 00534nam a2200157 a 4500
001 000029364
005 20200930055513.0
008 110415s1950 dr 000 0 spa d
040 _aDO-SdBNP
_bspa
_cBNPHU
082 _axxx
_bR426m
110 1 _aRepública Dominicana
_bCentro Dominicano de Promoción de Exportaciones
_956236
245 1 0 _aManual de terminos de exportación para la República Dominicana.
260 _aCiudad Trujillo, República Dominicana :
_bArte y Cine,
_c[1950?].
300 _a34 p. ;
_c23 cm.
049 _aBNPD
999 _c28856
_d28856